000 01533nam a2200289 a 4500
999 _c48338
_d48338
003 BLK
005 20250623102648.0
008 180408b bul|||||r ||||||| ||bul||
040 _aBLK
041 _aBUL
_cBUL
080 _aЛатино-американска литература
_b821.134.2(7/8)
_x-31
_z821.134.2(7/8)-31
100 1 _aВаргас Льоса, Марио
_eпърви автор
_9281807
139 _aВаргас Льоса, Марио
245 1 0 _aГрадът и кучетата
_bРоман
_cМарио Варгас Льоса; прев. от исп. Тамара Йорданова Такова; предг. от Лада Галина; Ганка Славова Габровска-Каранфилова.
257 _aPER
260 _aПловдив
_bХристо Г. Данов
_c1980
300 _a292 с.
_c22 см
380 _aX
500 _aОриг. загл. La ciudad y la perros.- Истинското име на авт. на предг. е Ганка Славова Габровска-Каранфилова.
700 1 _aТакова, Тамара Йорданова
_eпрев. от исп.
_9248914
700 1 _aГалина, Лада
_eпредг. от
_gГабровска-Каранфилова, Ганка Славова
_9365607
700 1 _aГабровска-Каранфилова, Ганка Славова
_9275303
852 _aЦб 106563
_bЦб
942 _cKNG
_n0
_s1
_02
944 _aCR
_c02.09.2016
_k30531
_lЦветелина Шанова
944 _aED
_c2022-12-07